000 01058nam0a2200313 4500
001 RU\NLR\bibl\1658443
005 20250616040208.0
010 _a978-5-02-037111-8
021 _aRU
_b2010-45862
_93055
035 _a(NLR Aleph) 001649741
090 _a914149
_c914149
100 _a20100726d2010 |||y0rusy50 ca
101 0 _arus
102 _aRU
105 _ay |||||||||
200 1 _aСтратегические приоритеты развития крупного города
_fЮ.В. Росляк
210 _aМосква
_cНаука
_d2010
215 _a167 с.
_d22
320 _aБиблиогр.: с. 165-167 (54 назв.)
606 1 _aГорода
_xРазвитие
_91451994
_3RU\NLR\auth\66305367
607 _aМосква, город
_xРазвитие
_92089985
_3RU\NLR\auth\661265078
686 _aУ04(2)22
686 _aУ04(2-2М)22
700 1 _aРосляк
_bЮ. В.
_gЮрий Витальевич
_4070
801 0 _aRU
_bNLR
_c20100726
_gRCR
801 1 _aRU
_bNLR
_c20100726
942 _cBOOK
980 _aNB